| 000 | 00676nas a2200217 4500 | ||
|---|---|---|---|
| 001 | BR9501869 | ||
| 003 | BR-BrBNA | ||
| 005 | 20231205093941.0 | ||
| 007 | ta | ||
| 008 | 230509b bl.|||p| |||| 00| 00por d | ||
| 040 |
_aBR-BrBNA _bpor _cBiblioteca Nacional de Agricultura |
||
| 041 | _a(En) | ||
| 072 | _aM12 | ||
| 100 | 1 | _aHubold, G. | |
| 245 | 1 | _aSecond report on hydrography and plankton off southern Brazil and Rio de La Plata; Autumn cruise: April - june 1978 | |
| 650 | _aZooplancton | ||
| 650 | _aRegiao Sul | ||
| 773 | 0 |
_tAtlantica (Brazil) _xISSN 0102-1656 _g(1980), v. 4 p. 23-42 _wBR9501869 |
|
| 909 |
_a202311 _bLúcia _c55 _dLúcia Elande |
||
| 942 |
_2AGRIS _n0 _cANA |
||
| 999 |
_c141262 _d141262 |
||